Legitimación en el proceso contencioso administrativo (Registro nro. 24167)

Detalles MARC
000 -LEADER
fixed length control field 00403 a2200133 4500
001 - CONTROL NUMBER
control field ART_40051
005 - DATE AND TIME OF LATEST TRANSACTION
control field 20260410161842.0
008 - FIXED-LENGTH DATA ELEMENTS--GENERAL INFORMATION
fixed length control field 260409a
100 1# - MAIN ENTRY--PERSONAL NAME
Personal name Barra, Rodolfo Carlos
245 10 - TITLE STATEMENT
Title Legitimación en el proceso contencioso administrativo
700 1# - ADDED ENTRY--PERSONAL NAME
Personal name Maiorano, Jorge Luis
700 1# - ADDED ENTRY--PERSONAL NAME
Personal name Muñoz, Guillermo A.
773 0# - HOST ITEM ENTRY
Title RAP
Related parts - Año 23, Nº 267 (dic. 2000)
Record control number REV5941

No hay ítems disponibles.